000 00795cab a2200241 4500
001 ABS56349
008 090401t1996 xxu||||| |||| 00| 0 eng d
035 _a(Sirsi) u23037
041 _aeng
100 _aMacBrien, M
245 _aProperty and the European Union
260 _c1996
350 _a0
490 _aProperty Journal
_v21(10) December 1996, 7-8(2)
520 _aDiscusses the place of property in the European Union and the effect of the EU on the property market. Including issues like the environment, insurance, health and safety, and the harmonisation of standards accross the Union.
650 _aEU LEGISLATION
650 _aEU
650 _aEUROPEAN UNION
650 _aPROPERTY MARKET
690 _aEUROPE-SINGLE MARKET
942 _n0
948 _c04/03/1997
999 _c15439
_d15439